[Event "GER-chT U10"]
[Site "Magdeburg"]
[Date "2017.12.28"]
[Round "4.4"]
[White "Waehler, Joris"]
[Black "Dorendorf, Mika"]
[Result "1/2-1/2"]
[WhiteElo "1049"]
[BlackElo "1119"]
[PlyCount "92"]
[EventDate "2017.12.27"]
[EventType "team-swiss"]
[EventRounds "7"]
[EventCountry "GER"]
[SourceTitle "EXT 2019"]
[Source "ChessBase"]
[SourceDate "2018.10.10"]
[SourceVersion "1"]
[SourceVersionDate "2018.10.10"]
[SourceQuality "1"]
[WhiteTeam "Halle Roter Turm"]
[BlackTeam "Hamburger SK"]
[WhiteTeamCountry "GER"]
[BlackTeamCountry "GER"]

1. e4 c5 2. Nf3 Nc6 3. Bc4 g6 4. Nc3 Bg7 5. Ne2 e6 6. Ng3 Nge7 7. c3 a6 8. d4 cxd4 9. cxd4 b5 10. Bb3 0-0 11. 0-0 d5 12. exd5 exd5 13. Re1 Bg4 14. Be3 Bxf3 15. Qxf3 Nxd4 16. Bxd4 Bxd4 17. Rab1 Ba7 18. Red1 d4 19. Ne2 Nf5 20. Bc2 Ne7 21. Be4 Rb8 22. Rd3 Qd6 23. Rbd1 Rfd8 24. Nxd4 Bxd4 25. Rxd4 Qxd4 26. Rxd4 Rxd4 27. h3 Rbd8 28. Bb7 a5 29. Qa3 Ra4 30. Qxe7 Rad4 31. Qe5 Rb4 32. Qc7 Rd1+ 33. Kh2 a4 34. Qc8+ Kg7 35. Qc3+ Rbd4 36. Qc5 b4 37. Bc6 b3 38. axb3 axb3 39. Be8 Re4 40. Qb5 Rd2 41. Qxb3 Rxf2 42. Qc3+ Kg8 43. Qc8 Kg7 44. b4 Ree2 45. Qc3+ Kg8 46. Bd7 Rxg2+ 1/2-1/2

[Event "GER-chT U10"]
[Site "Magdeburg"]
[Date "2016.12.29"]
[Round "6.2"]
[White "Murach, Moritz"]
[Black "Waehler, Joris"]
[Result "1-0"]
[WhiteElo "849"]
[BlackElo "890"]
[PlyCount "121"]
[EventDate "2016.12.27"]
[EventType "team-swiss"]
[EventRounds "7"]
[EventCountry "GER"]
[SourceTitle "EXT 2018"]
[Source "ChessBase"]
[SourceDate "2017.10.13"]
[SourceVersion "1"]
[SourceVersionDate "2017.10.13"]
[SourceQuality "1"]
[WhiteTeam "Friedrichshagen"]
[BlackTeam "Halle Roter Turm II"]
[WhiteTeamCountry "GER"]
[BlackTeamCountry "GER"]

1. e4 e5 2. Nf3 Nc6 3. Bc4 Bc5 4. c3 Nf6 5. d4 exd4 6. cxd4 Bb4+ 7. Bd2 d6 8. d5 Bxd2+ 9. Qxd2 Ne7 10. Nc3 Bg4 11. Qf4 0-0 12. e5 Bxf3 13. exf6 Bxg2 14. Rg1 Re8 15. 0-0-0 Ng6 16. Qf5 Nh4 17. Qg5 Qxf6 18. Qxf6 gxf6 19. Rd4 Re1+ 20. Rd1 Rxd1+ 21. Nxd1 Kf8 22. Ne3 Be4 23. Rg4 Bxd5 24. Bxd5 Ng6 25. Bxb7 Rb8 26. Bd5 Ne5 27. Rh4 Nd3+ 28. Kd1 Nxf2+ 29. Ke1 Nd3+ 30. Kd2 Nb4 31. Rxh7 Nxd5 32. Rh8+ Ke7 33. Rxb8 Ke6 34. Nxd5 Kxd5 35. Rg8 f5 36. h4 f4 37. Rg4 Ke4 38. Ke2 d5 39. h5 d4 40. h6 d3+ 41. Kd2 Kf3 42. Rxf4+ Kxf4 43. h7 f5 44. h8Q Kg3 45. Qg7+ Kf2 46. Qg5 Kf3 47. Qxf5+ Kg3 48. Qxd3+ Kf4 49. Qe3+ Kf5 50. b3 Kf6 51. Qc5 Ke6 52. Ke3 a6 53. Ke4 a5 54. Qe5+ Kd7 55. Qd5+ Ke7 56. Ke5 c6 57. Qe6+ Kd8 58. Qxc6 Ke7 59. Qe6+ Kd8 60. Kd6 a4 61. Qd7# 1-0

[Event "GER-chT U10"]
[Site "Magdeburg"]
[Date "2015.12.28"]
[Round "5.3"]
[White "Waehler, Joris"]
[Black "Weber, Willi"]
[Result "0-1"]
[WhiteElo "913"]
[BlackElo "905"]
[PlyCount "110"]
[EventDate "2015.12.27"]
[EventType "team-swiss"]
[EventRounds "7"]
[EventCountry "GER"]
[SourceTitle "EXT 2017"]
[Source "ChessBase"]
[SourceDate "2016.10.25"]
[SourceVersion "1"]
[SourceVersionDate "2016.10.25"]
[SourceQuality "1"]
[WhiteTeam "Halle Volksbank"]
[BlackTeam "Magdeburg Schachzwerge II"]
[WhiteTeamCountry "GER"]
[BlackTeamCountry "GER"]

1. e4 e5 2. Nf3 Nc6 3. Bc4 Nf6 4. Ng5 d5 5. exd5 Nxd5 6. Nxf7 Kxf7 7. Qf3+ Ke8 8. Nc3 Be6 9. Nxd5 Nd4 10. Qh5+ g6 11. Qxe5 Nxc2+ 12. Kd1 Nxa1 13. Qxe6+ Qe7 14. Nf6+ Kd8 15. Qd5+ Qd6 16. Qxd6+ Bxd6 17. b3 Be5 18. Re1 Bxf6 19. Re2 Re8 20. Rxe8+ Kxe8 21. d3 c6 22. Bg8 h5 23. h4 Rd8 24. Kd2 Kf8 25. Be6 Bxh4 26. g3 Bg5+ 27. Kd1 Bxc1 28. Kxc1 Rxd3 29. Kb2 Rd2+ 30. Kxa1 Rxf2 31. a3 Rg2 32. Bc8 Rxg3 33. Bxb7 Rxb3 34. Bxc6 Rxa3+ 35. Kb2 Re3 36. Bd5 g5 37. Kc1 g4 38. Kd2 Ra3 39. Ke2 h4 40. Kf1 g3 41. Kg1 h3 42. Kh1 g2+ 43. Kh2 Ra1 44. Bxg2 hxg2 45. Kxg2 a5 46. Kf2 Rb1 47. Ke2 a4 48. Kd2 a3 49. Kc2 Rb8 50. Kc3 a2 51. Kd2 a1Q 52. Kd3 Qa4 53. Kd2 Rb3 54. Kc2 Qa2+ 55. Kc1 Rb1# 0-1